[Event "TCh-FRA Top 16 Basse 2023"]
[Site "Chartres FRA"]
[Date "2023.06.09"]
[Round "2.2"]
[Board "1"]
[White "Lazarev, Vladimir"]
[Black "Donchenko, Alexander"]
[Result "0-1"]
[WhiteTitle "GM"]
[BlackTitle "GM"]
[WhiteElo "2496"]
[BlackElo "2667"]
[WhiteTeam "Metz Fischer"]
[BlackTeam "Vandoeuvre Echecs"]
[WhiteFideId "4113250"]
[BlackFideId "24603295"]
[EventDate "2023.06.08"]

1. d4 Nf6 2. c4 g6 3. Nc3 Bg7 4. e4 d6 5. Nf3 O-O 6. Be2 e5 7. O-O h6 8. d5 a5
9. Ne1 Na6 10. Nd3 b6 11. Be3 Nc5 12. f3 Nh5 13. Qd2 f5 14. exf5 gxf5 15. Nxc5
bxc5 16. g4 Nf4 17. Bxf4 exf4 18. gxf5 Bd4+ 19. Kh1 Be3 20. Qc2 Rxf5 21. Bd3 Rg5
22. Ne4 Rg7 23. Nf2 Qh4 24. Rae1 Kh8 25. Qc3 Bh3 26. Nxh3 Qxh3 27. Bg6 Rg8 28.
Qf6 Bd4 29. Qf5 Qxf5 30. Bxf5 Rg2 31. Be6 R8g7 32. b3 Rxa2 33. Bh3 Be5 34. Rb1
Rg5 35. Bg4 h5 36. Bh3 Kg7 37. Rg1 Rxg1+ 38. Rxg1+ Kf6 39. Rb1 Bd4 40. Bg2 Ke5
41. Bh3 Be3 42. Bd7 h4 43. h3 Kd4 44. Be8 Kc3 45. Bd7 Kb4 46. Be8 Bd4 47. Bd7
Rf2 48. Bg4 Rb2 0-1

[Event "TCh-FRA Top 16 Basse 2023"]
[Site "Chartres FRA"]
[Date "2023.06.09"]
[Round "2.2"]
[Board "2"]
[White "Brunner, Nicolas"]
[Black "Bailet, Pierre"]
[Result "1/2-1/2"]
[WhiteTitle "IM"]
[BlackTitle "GM"]
[WhiteElo "2424"]
[BlackElo "2513"]
[WhiteTeam "Vandoeuvre Echecs"]
[BlackTeam "Metz Fischer"]
[WhiteFideId "620246"]
[BlackFideId "655830"]
[EventDate "2023.06.08"]

1. d4 Nf6 2. c4 g6 3. Nc3 Bg7 4. e4 O-O 5. Nf3 d6 6. Be2 e5 7. dxe5 dxe5 8. Qxd8
Rxd8 9. Bg5 Re8 10. Nd5 Nxd5 11. cxd5 c6 12. Bc4 cxd5 13. Bxd5 Nd7 14. Nd2 Nb6
15. Bb3 Be6 16. O-O-O Bf8 17. Kb1 Nd7 18. Bxe6 Rxe6 19. Nb3 Nb6 20. Rc1 Rb8 21.
Rhd1 Rd6 22. Rxd6 Bxd6 23. Rd1 Bf8 24. Bf6 Bg7 25. Bxg7 Kxg7 26. Nc5 Kf6 27.
Nd7+ Nxd7 28. Rxd7 Ke6 29. Rc7 h5 30. Kc2 h4 31. b4 f5 32. exf5+ gxf5 33. g3
hxg3 34. hxg3 Rh8 35. Kd3 Rd8+ 36. Ke3 e4 37. a4 Rd3+ 38. Ke2 a5 39. bxa5 Rb3
40. a6 bxa6 41. Rc6+ Ke5 42. Rxa6 Rb2+ 43. Kf1 Rb1+ 44. Kg2 Rb2 45. Ra8 Kf6 46.
a5 e3 47. Kf3 exf2 48. Kg2 Ra2 49. a6 Kg6 50. a7 Kg7 51. Rb8 Rxa7 52. Kxf2 1/2-1/2

[Event "TCh-FRA Top 16 Basse 2023"]
[Site "Chartres FRA"]
[Date "2023.06.09"]
[Round "2.2"]
[Board "3"]
[White "Ganguly, Surya Shekhar"]
[Black "Hamitevici, Vladimir"]
[Result "1-0"]
[WhiteTitle "GM"]
[BlackTitle "GM"]
[WhiteElo "2587"]
[BlackElo "2493"]
[WhiteTeam "Metz Fischer"]
[BlackTeam "Vandoeuvre Echecs"]
[WhiteFideId "5002150"]
[BlackFideId "13902393"]
[EventDate "2023.06.08"]

1. e4 e5 2. Nf3 Nc6 3. Bc4 Nf6 4. d3 Bc5 5. c3 a5 6. O-O d6 7. Re1 O-O 8. h3 h6
9. Nbd2 Bd7 10. a4 Be6 11. Bb5 Na7 12. d4 Nxb5 13. dxc5 Na7 14. b3 d5 15. exd5
Nxd5 16. Nxe5 Nxc3 17. Qf3 Qd4 18. Bb2 Ne2+ 19. Rxe2 Qxb2 20. Rae1 Qd4 21. Qxb7
Qxc5 22. Qf3 Rad8 23. Ndc4 Qb4 24. Re3 Rd4 25. Qg3 Rfd8 26. Kh2 Qc5 27. Rf3 Nc8
28. Rc1 Ne7 29. Nxf7 R8d5 30. Nxh6+ Kh7 31. Nf7 Rh5 32. Nfe5 Rdh4 33. Nd3 Qd4
34. Rf4 Rxf4 35. Nxf4 1-0

[Event "TCh-FRA Top 16 Basse 2023"]
[Site "Chartres FRA"]
[Date "2023.06.09"]
[Round "2.2"]
[Board "4"]
[White "Solodovnichenko, Yuri"]
[Black "Postny, Evgeny"]
[Result "1/2-1/2"]
[WhiteTitle "GM"]
[BlackTitle "GM"]
[WhiteElo "2503"]
[BlackElo "2549"]
[WhiteTeam "Vandoeuvre Echecs"]
[BlackTeam "Metz Fischer"]
[WhiteFideId "14104369"]
[BlackFideId "2804344"]
[EventDate "2023.06.08"]

1. e4 e5 2. Nf3 Nc6 3. Bb5 Nf6 4. O-O Nxe4 5. d4 Nd6 6. Bg5 Be7 7. Bxe7 Qxe7 8.
Bxc6 dxc6 9. dxe5 Nf5 10. Qd2 O-O 11. Qf4 Be6 12. Nc3 Rad8 13. a3 c5 14. Rad1
Rxd1 15. Rxd1 Rd8 16. Rd2 Rd5 17. Rd3 Rxd3 18. Qe3 Rd2 19. Qxd2 Qd7 20. Ne4 b6
21. c3 h6 22. h4 Qxd2 23. Nexd2 Ne7 24. Kf1 Ng6 25. g3 Bg4 26. Kg2 h5 27. a4 a5
28. b3 Bf5 29. Kg1 Bc2 30. Ne1 Bd1 31. f4 c4 32. b4 axb4 33. cxb4 Bxa4 34. Nxc4
Ne7 35. Ne3 Kf8 36. Nf3 Nc6 37. Nd5 Bb3 38. Nxc7 Nxb4 39. Nb5 1/2-1/2

[Event "TCh-FRA Top 16 Basse 2023"]
[Site "Chartres FRA"]
[Date "2023.06.09"]
[Round "2.2"]
[Board "5"]
[White "Visakh, N R"]
[Black "Nezar, Mustapha"]
[Result "1-0"]
[WhiteTitle "GM"]
[BlackTitle "IM"]
[WhiteElo "2542"]
[BlackElo "2356"]
[WhiteTeam "Metz Fischer"]
[BlackTeam "Vandoeuvre Echecs"]
[WhiteFideId "25012223"]
[BlackFideId "608637"]
[EventDate "2023.06.08"]

1. e4 e5 2. Bc4 Nf6 3. d3 Bc5 4. Nc3 d6 5. f4 c6 6. Nf3 Nbd7 7. a3 b5 8. Ba2 Qe7
9. Qe2 a5 10. Rf1 h6 11. a4 b4 12. Nd1 Nb6 13. Bb3 Be6 14. Bxe6 Qxe6 15. fxe5
dxe5 16. Be3 Nbd7 17. b3 Ng4 18. Bxc5 Nxc5 19. h3 Nf6 20. Nd2 Qe7 21. Ne3 g6 22.
Ndc4 Nfd7 23. O-O-O Ne6 24. Qf2 h5 25. h4 f6 26. Kb1 Kd8 27. Rg1 Kc7 28. Qg3 Nf4
29. Qf2 Nc5 30. Rgf1 Rhf8 31. g3 Nfe6 32. Nd5+ cxd5 33. exd5 Ra6 34. dxe6 Nxe6
35. Qe3 Nd4 36. Qh6 Rg8 37. Qe3 Rf8 38. Rde1 Nf5 39. Qf2 Rd8 40. Qg1 Nh6 41. d4
Ng4 42. dxe5 fxe5 43. Rf3 Rd7 44. Ref1 Kb7 45. Rf7 Qe6 46. Rxd7+ Qxd7 47. Qc5
Qc7 48. Qd5+ Qc6 49. Nxa5+ 1-0

[Event "TCh-FRA Top 16 Basse 2023"]
[Site "Chartres FRA"]
[Date "2023.06.09"]
[Round "2.2"]
[Board "6"]
[White "Decuigniere, Tom"]
[Black "Pucher, Sebastien"]
[Result "1/2-1/2"]
[WhiteTitle "FM"]
[BlackTitle "FM"]
[WhiteElo "2375"]
[BlackElo "2313"]
[WhiteTeam "Vandoeuvre Echecs"]
[BlackTeam "Metz Fischer"]
[WhiteFideId "26093820"]
[BlackFideId "627232"]
[EventDate "2023.06.08"]

1. d4 g6 2. c4 Bg7 3. h4 Nf6 4. Nc3 d6 5. e4 Nc6 6. Nge2 O-O 7. f3 e5 8. d5 Nd4
9. Bg5 c5 10. Qd2 a6 11. Ng3 Qa5 12. Rc1 b5 13. b3 h5 14. Bd3 Kh7 15. O-O Bd7
16. Nce2 Qb6 17. Kh1 b4 18. Nxd4 cxd4 19. Qe2 1/2-1/2

[Event "TCh-FRA Top 16 Basse 2023"]
[Site "Chartres FRA"]
[Date "2023.06.09"]
[Round "2.2"]
[Board "7"]
[White "Migot, Tangi"]
[Black "Savina, Anastasia"]
[Result "0-1"]
[WhiteTitle "IM"]
[BlackTitle "IM"]
[WhiteElo "2373"]
[BlackElo "2341"]
[WhiteTeam "Metz Fischer"]
[BlackTeam "Vandoeuvre Echecs"]
[WhiteFideId "662445"]
[BlackFideId "4196872"]
[EventDate "2023.06.08"]

1. e4 e5 2. Nf3 Nc6 3. Bb5 a6 4. Ba4 Nf6 5. O-O Be7 6. d3 d6 7. c3 O-O 8. Re1
Re8 9. Nbd2 Bf8 10. h3 b5 11. Bb3 Bb7 12. a3 Nb8 13. Bc2 Nbd7 14. b3 d5 15. Bb2
dxe4 16. dxe4 Nh5 17. b4 Qf6 18. Nh2 Nf4 19. Qg4 Rad8 20. Rad1 Nb6 21. Ndf1 Na4
22. Ba1 h5 23. Qf3 Qc6 24. h4 g6 25. g3 Ne6 26. Nd2 Nb6 27. Qe2 Nc4 28. Bb3 Nxd2
29. Rxd2 Bh6 30. Rxd8 Rxd8 31. Nf3 Bg7 32. c4 Nd4 33. Bxd4 exd4 34. cxb5 axb5
35. Ng5 Rd7 36. Qf3 Qf6 37. Qxf6 Bxf6 38. Nxf7 Rxf7 39. e5 Be7 40. Rc1 c6 41. f4
Kg7 42. a4 bxa4 43. Bxa4 Bxb4 44. Bxc6 Bxc6 45. Rxc6 d3 0-1

[Event "TCh-FRA Top 16 Basse 2023"]
[Site "Chartres FRA"]
[Date "2023.06.09"]
[Round "2.2"]
[Board "8"]
[White "Philippe, Christophe"]
[Black "Schippke, Manon"]
[Result "0-1"]
[WhiteTitle "IM"]
[BlackTitle "WFM"]
[WhiteElo "2347"]
[BlackElo "2097"]
[WhiteTeam "Vandoeuvre Echecs"]
[BlackTeam "Metz Fischer"]
[WhiteFideId "610038"]
[BlackFideId "45100446"]
[EventDate "2023.06.08"]

1. e4 c5 2. b3 Nc6 3. Bb2 e6 4. Nf3 a6 5. g3 d6 6. Bg2 Nf6 7. Qe2 Be7 8. O-O O-O
9. c4 Rb8 10. d4 cxd4 11. Nxd4 Nd7 12. Nxc6 bxc6 13. Nc3 Qc7 14. f4 Bf6 15. Rad1
Bb7 16. Kh1 Rbd8 17. g4 c5 18. g5 Bd4 19. Na4 e5 20. f5 Bxb2 21. Nxb2 f6 22.
gxf6 Rxf6 23. Rd3 Nb8 24. Rg3 Nc6 25. Nd1 Nd4 26. Qg4 Rd7 27. Rg1 Rdf7 28. Nc3
Kf8 29. Nd5 Bxd5 30. cxd5 Qa5 31. Bf1 Qxa2 32. Qh4 Qf2 33. Qg4 Rh6 34. R3g2 Qh4
35. Bxa6 Qxg4 36. Rxg4 Ra7 37. Ra1 Rh3 38. Rg3 Rxg3 39. hxg3 Nxb3 40. Rb1 Nd2
41. Rb8+ Ke7 42. Bb5 Nxe4 43. Kg2 Ra3 44. Rb7+ Kf6 45. Be8 Rxg3+ 46. Kh2 g6 47.
Rxh7 gxf5 48. Rf7+ Kg5 49. Bd7 Rf3 50. Bb5 Kf4 51. Bd7 Ke3 52. Kg2 Rf2+ 53. Kg1
f4 54. Bf5 Rd2 55. Ra7 Rxd5 56. Ra3+ Rd3 57. Ra4 Nc3 58. Rc4 Ne2+ 59. Kh2 Rd4 0-1

[Event "TCh-FRA Top 16 Basse 2023"]
[Site "Chartres FRA"]
[Date "2023.06.09"]
[Round "2.3"]
[Board "1"]
[White "Santos Latasa, Jaime"]
[Black "Rozentalis, Eduardas"]
[Result "1-0"]
[WhiteTitle "GM"]
[BlackTitle "GM"]
[WhiteElo "2653"]
[BlackElo "2528"]
[WhiteTeam "Marseille Echecs"]
[BlackTeam "C.E.Strasbourg"]
[WhiteFideId "2293307"]
[BlackFideId "12800023"]
[EventDate "2023.06.08"]

1. c4 e6 2. Nc3 Nf6 3. Nf3 Bb4 4. Qc2 O-O 5. a3 Bxc3 6. Qxc3 b6 7. b4 d6 8. e3
Nbd7 9. Be2 Bb7 10. Bb2 c5 11. O-O Rc8 12. Rfd1 e5 13. d4 cxd4 14. exd4 e4 15.
Nd2 Re8 16. Qg3 Nf8 17. Nf1 Qd7 18. d5 Ng6 19. Ne3 Ne5 20. a4 Ba6 21. a5 Rb8 22.
axb6 Rxb6 23. b5 Bc8 24. c5 Rxb5 25. c6 Qd8 26. Bxe5 Rxe5 27. Bxb5 Nh5 28. Qxe5
dxe5 29. d6 1-0

[Event "TCh-FRA Top 16 Basse 2023"]
[Site "Chartres FRA"]
[Date "2023.06.09"]
[Round "2.3"]
[Board "2"]
[White "Kovchan, Alexander"]
[Black "Laurent-Paoli, Pierre"]
[Result "1-0"]
[WhiteTitle "GM"]
[BlackTitle "IM"]
[WhiteElo "2446"]
[BlackElo "2552"]
[WhiteTeam "C.E.Strasbourg"]
[BlackTeam "Marseille Echecs"]
[WhiteFideId "14103052"]
[BlackFideId "26017962"]
[EventDate "2023.06.08"]

1. e4 Nc6 2. d4 d5 3. e5 Bf5 4. c3 e6 5. Bd3 Bxd3 6. Qxd3 Qd7 7. f4 h5 8. Nd2
Nh6 9. Ndf3 Ne7 10. Ne2 Nef5 11. Bd2 c5 12. b4 c4 13. Qb1 a5 14. a3 Be7 15. O-O
b5 16. Qc2 O-O 17. Rae1 Qa7 18. Rb1 Qb6 19. h3 Ra7 20. Kh2 axb4 21. axb4 Rfa8
22. g3 Ra2 23. Rb2 Qa6 24. Rfb1 Ra3 25. Rg1 Qa4 26. Rgb1 Qxc2 27. Rxc2 Bf8 28.
Kg2 Ne7 29. Kf2 Nc8 30. Bc1 Ra1 31. Rxa1 Rxa1 32. Ne1 Nf5 33. Bd2 Nb6 34. Ng2
Na4 35. g4 hxg4 36. hxg4 Ne7 37. Ne3 g6 38. Rc1 Ra3 39. Kf3 Nc6 40. Rh1 Ra2 41.
Be1 Ra1 42. f5 Nxc3 43. Nxc3 Nxd4+ 44. Kg2 Nc6 45. Ncxd5 exd5 46. Nxd5 Bg7 47.
f6 Bf8 48. Bc3 Ra3 49. g5 Ra7 50. Rd1 Rd7 51. Rd2 Rd8 52. Kf3 Re8 53. Re2 Rd8
54. Ke4 Rb8 55. Rd2 Nd8 56. Nf4 Ne6 57. Nxe6 fxe6 58. Rd7 Ra8 59. Rb7 Rd8 60.
Rxb5 Rd3 61. Bd4 Rb3 62. Rb8 Kf7 63. Rb7+ Kg8 64. b5 Rb1 65. b6 Re1+ 66. Kf3 Rd1
67. Rd7 c3 68. b7 c2 69. b8=Q Rd3+ 70. Ke4 Rxd4+ 71. Kxd4 1-0

[Event "TCh-FRA Top 16 Basse 2023"]
[Site "Chartres FRA"]
[Date "2023.06.09"]
[Round "2.3"]
[Board "3"]
[White "Kunin, Vitaly"]
[Black "Baklan, Vladimir"]
[Result "1/2-1/2"]
[WhiteTitle "GM"]
[BlackTitle "GM"]
[WhiteElo "2525"]
[BlackElo "2544"]
[WhiteTeam "Marseille Echecs"]
[BlackTeam "C.E.Strasbourg"]
[WhiteFideId "4128737"]
[BlackFideId "14102196"]
[EventDate "2023.06.08"]

1. d4 Nf6 2. c4 g6 3. Nc3 Bg7 4. e4 d6 5. Be2 O-O 6. Be3 Na6 7. Nf3 e5 8. d5 Ng4
9. Bg5 f6 10. Bd2 c5 11. O-O Nh6 12. Ne1 Nf7 13. Nd3 Bh6 14. a3 Bxd2 15. Qxd2
Qe7 16. b4 b6 17. Rfb1 f5 18. exf5 Bxf5 19. b5 Nc7 20. Re1 Qh4 21. Bf1 Rae8 22.
Nb2 Ng5 23. Re3 Rf7 24. Rg3 h6 25. Re1 Ref8 26. Nbd1 Ne8 27. Rge3 Bg4 28. f4
Rxf4 29. g3 Rxf1+ 30. Rxf1 Rxf1+ 31. Kxf1 Qh5 32. h4 Nf3 33. Qd3 Bh3+ 34. Kf2
Nd4 35. Kg1 Bf5 36. Qf1 g5 37. Nf2 1/2-1/2

[Event "TCh-FRA Top 16 Basse 2023"]
[Site "Chartres FRA"]
[Date "2023.06.09"]
[Round "2.3"]
[Board "4"]
[White "Vitoux, Colomban"]
[Black "Banusz, Tamas"]
[Result "1/2-1/2"]
[WhiteTitle "IM"]
[BlackTitle "GM"]
[WhiteElo "2371"]
[BlackElo "2614"]
[WhiteTeam "C.E.Strasbourg"]
[BlackTeam "Marseille Echecs"]
[WhiteFideId "628549"]
[BlackFideId "722413"]
[EventDate "2023.06.08"]

1. e4 e5 2. d4 exd4 3. Nf3 d6 4. Nxd4 Nf6 5. Nc3 Be7 6. Nde2 O-O 7. g3 Re8 8.
Bg2 Bf8 9. O-O c6 10. h3 Na6 11. Be3 Nc5 12. Bxc5 dxc5 13. Qxd8 Rxd8 14. e5 Ne8
15. Ne4 f6 16. exf6 Nxf6 17. Nxf6+ gxf6 18. Nc3 Be6 19. Rfe1 Kf7 20. Re3 Rd2 21.
Rc1 Rad8 22. Bf3 f5 23. Rce1 Bc8 24. Bh5+ Kg7 25. R1e2 b5 26. Re8 Rxe8 27. Rxe8
Bd7 28. Re2 Rd6 29. Re1 Be6 30. a3 Kf6 31. Rd1 Ke7 32. Rxd6 Kxd6 33. Nd1 a5 34.
f4 Bg7 35. Kf2 b4 36. c3 Kc7 37. Ke3 Kb6 38. Be2 Bf8 39. Kd2 a4 40. Ne3 bxa3 41.
bxa3 c4 42. Bxc4 Bd7 43. Bd3 Bc5 44. Nc4+ Kc7 45. Bc2 Bf2 46. Ne5 Bxg3 47. Ke3
Be6 48. Bxa4 c5 49. Bb5 Be1 50. c4 Kd6 51. a4 Bc3 52. Nf3 Bf7 53. Nh4 Be6 54.
Nf3 Bf7 55. Nd2 Bh5 56. Kd3 Bb4 57. Nf1 Bf7 58. Ne3 Be6 59. Nc2 Ba5 60. Na1 Kc7
61. Nc2 Kd6 62. Ne3 Bb4 63. Be8 Be1 64. Nc2 Ba5 65. Ne3 Be1 66. Ke2 Bc3 67. Kd3 1/2-1/2

[Event "TCh-FRA Top 16 Basse 2023"]
[Site "Chartres FRA"]
[Date "2023.06.09"]
[Round "2.3"]
[Board "5"]
[White "Degraeve, Remy"]
[Black "Sharif, Mehrshad"]
[Result "1-0"]
[WhiteTitle "IM"]
[BlackTitle "IM"]
[WhiteElo "2445"]
[BlackElo "2330"]
[WhiteTeam "Marseille Echecs"]
[BlackTeam "C.E.Strasbourg"]
[WhiteFideId "26024560"]
[BlackFideId "600121"]
[EventDate "2023.06.08"]

1. e4 e6 2. d4 d5 3. e5 c5 4. c3 Nc6 5. Nf3 Nge7 6. Na3 Bd7 7. Be2 cxd4 8. cxd4
Nf5 9. Nc2 Qb6 10. O-O Rc8 11. Kh1 Na5 12. Re1 Bb5 13. Bxb5+ Qxb5 14. Ne3 Nxe3
15. Rxe3 Be7 16. Ng1 h5 17. Ne2 g6 18. Rf3 Nc6 19. Bd2 Qa6 20. a3 g5 21. Rc1 g4
22. Rfc3 Kd7 23. b4 Qb6 24. f4 a6 25. f5 Na7 26. f6 Rxc3 27. Nxc3 Bf8 28. Be3
Nb5 29. Na4 Qd8 30. Qc2 Nxa3 31. Qc8+ Ke8 32. Rc7 1-0

[Event "TCh-FRA Top 16 Basse 2023"]
[Site "Chartres FRA"]
[Date "2023.06.09"]
[Round "2.3"]
[Board "6"]
[White "Roos, Louis"]
[Black "Philippe, Guillaume"]
[Result "0-1"]
[WhiteTitle "IM"]
[BlackTitle "IM"]
[WhiteElo "2254"]
[BlackElo "2350"]
[WhiteTeam "C.E.Strasbourg"]
[BlackTeam "Marseille Echecs"]
[WhiteFideId "600288"]
[BlackFideId "36048763"]
[EventDate "2023.06.08"]

1. Nf3 Nf6 2. d4 e6 3. c3 b6 4. Bg5 Bb7 5. Nbd2 Be7 6. Bxf6 Bxf6 7. e4 d6 8.
Bb5+ Nd7 9. Qe2 a6 10. Bd3 e5 11. d5 O-O 12. h4 Nc5 13. Bc2 a5 14. a4 c6 15. b4
axb4 16. cxb4 Nd7 17. dxc6 Bxc6 18. Bb3 Qe7 19. O-O Bxh4 20. Rfc1 Rfc8 21. Rxc6
Rxc6 22. Bd5 Rcc8 23. Bxa8 Rxa8 24. Qb5 Bf6 25. Nc4 Qe6 26. Qc6 Rd8 27. Rd1 Be7
28. Ne3 h5 29. Nd5 Bf8 30. Qc7 Ra8 31. Qc6 Rd8 32. Qc7 Ra8 33. Qc2 Qg4 34. Re1
Rb8 35. Qc7 Ra8 36. Nh2 Qe6 37. Qc2 Rb8 38. Rd1 Nf6 39. Nxf6+ Qxf6 40. Nf1 d5
41. exd5 Bxb4 42. Qc7 Rf8 43. Ng3 h4 44. Ne4 Qf4 45. Qc2 f5 46. Nd2 e4 47. Nf1
h3 48. d6 Bxd6 49. Qb3+ Rf7 50. Qxh3 Rf6 51. Qb3+ Kh7 52. Qxb6 Rh6 53. Qb5 Be5
54. Qb3 Qh4 55. Qh3 Qg5 56. Qb3 Bc7 57. Rd7 Qc1 58. Qd1 Qg5 59. Qb3 Be5 60. Rd1
Qh5 61. Qh3 Qg6 62. Qb3 Bd6 63. Rc1 Qh5 64. Qh3 Qg5 65. Qc3 Rh5 66. Ng3 Bxg3 67.
fxg3 Qh6 68. Kf2 f4 69. Qc4 Qb6+ 0-1

[Event "TCh-FRA Top 16 Basse 2023"]
[Site "Chartres FRA"]
[Date "2023.06.09"]
[Round "2.3"]
[Board "7"]
[White "Girel, Joseph"]
[Black "Roos, Jean-Luc"]
[Result "1-0"]
[WhiteTitle "IM"]
[BlackTitle "IM"]
[WhiteElo "2413"]
[BlackElo "2184"]
[WhiteTeam "Marseille Echecs"]
[BlackTeam "C.E.Strasbourg"]
[WhiteFideId "36033561"]
[BlackFideId "600601"]
[EventDate "2023.06.08"]

1. e4 e6 2. d4 d5 3. e5 c5 4. c3 Nc6 5. Nf3 Qb6 6. Be2 cxd4 7. cxd4 Nh6 8. Bxh6
gxh6 9. Qd2 Bg7 10. Nc3 O-O 11. O-O Qd8 12. Rad1 Bd7 13. Rfe1 a6 14. Bd3 Kh8 15.
Bb1 f5 16. Ne2 Rg8 17. Kh1 Qe7 18. Nf4 Be8 19. Rg1 h5 20. h3 Bf8 21. Qe3 Rd8 22.
g3 Qf7 23. Bd3 Bh6 24. Be2 Qd7 25. Nh4 Bg5 26. Nhg2 Qe7 27. h4 Bh6 28. Qb3 Rc8
29. Bxh5 Bxf4 30. Nxf4 Bxh5 31. Nxh5 Rg4 32. Nf6 Rxd4 33. Rxd4 Nxd4 34. Qe3 Nc6
35. g4 d4 36. Qg3 fxg4 37. Qxg4 Qf7 38. f4 Ne7 39. Ne4 Rg8 40. Ng5 Qf8 41. Qxe6
Rg6 42. Nf7+ Kg7 43. Qf6+ Kg8 44. Rxg6+ hxg6 45. e6 Kh7 46. h5 Qe8 47. Ng5+ Kh6
48. Ne4 d3 49. Qg5+ 1-0

[Event "TCh-FRA Top 16 Basse 2023"]
[Site "Chartres FRA"]
[Date "2023.06.09"]
[Round "2.3"]
[Board "8"]
[White "Koch, Marion"]
[Black "Delorme, Laurie"]
[Result "0-1"]
[BlackTitle "WIM"]
[WhiteElo "1648"]
[BlackElo "2086"]
[WhiteTeam "C.E.Strasbourg"]
[BlackTeam "Marseille Echecs"]
[WhiteFideId "26022133"]
[BlackFideId "630829"]
[EventDate "2023.06.08"]

1. d4 d5 2. c4 e6 3. Nc3 c6 4. e3 f5 5. Bd2 Nf6 6. f3 Bd6 7. c5 Bc7 8. f4 O-O 9.
Nf3 Bd7 10. Bd3 Be8 11. Qc2 Bh5 12. O-O Nbd7 13. b4 Bxf3 14. Rxf3 Ne4 15. b5 g5
16. bxc6 bxc6 17. g3 Ndf6 18. Rff1 gxf4 19. exf4 Ng4 20. Ba6 Qf6 21. Qd3 Qh6 22.
Qe2 Rab8 23. Nxe4 dxe4 24. Rab1 Qf6 25. Bc3 Qe7 26. Bb7 Bxf4 27. Bxc6 Qc7 28.
gxf4 Qxc6 29. h3 Nf6 30. Qg2+ Kf7 31. Kh1 Nd5 32. Ba1 Rg8 33. Qe2 Nxf4 34. Qh2
e3+ 0-1

[Event "TCh-FRA Top 16 Basse 2023"]
[Site "Chartres FRA"]
[Date "2023.06.09"]
[Round "2.4"]
[Board "1"]
[White "Kulaots, Kaido"]
[Black "Dardha, Daniel"]
[Result "1/2-1/2"]
[WhiteTitle "GM"]
[BlackTitle "GM"]
[WhiteElo "2509"]
[BlackElo "2619"]
[WhiteTeam "THF - St Quentin"]
[BlackTeam "Cappelle La Grande"]
[WhiteFideId "4500261"]
[BlackFideId "240990"]
[EventDate "2023.06.08"]

1. e4 e5 2. Nf3 Nc6 3. Bb5 Nf6 4. d3 Bc5 5. c3 d5 6. exd5 Qxd5 7. Bc4 Qd8 8. Bg5
Bf5 9. O-O O-O 10. Qe2 h6 11. Bxf6 Qxf6 12. Nbd2 Rae8 13. a4 a5 14. Rfe1 Kh8 15.
Ne4 Qe7 1/2-1/2

[Event "TCh-FRA Top 16 Basse 2023"]
[Site "Chartres FRA"]
[Date "2023.06.09"]
[Round "2.4"]
[Board "2"]
[White "Fedoseev, Vladimir3"]
[Black "Heinz, Timothee"]
[Result "1-0"]
[WhiteTitle "GM"]
[BlackTitle "FM"]
[WhiteElo "2676"]
[BlackElo "2367"]
[WhiteTeam "Cappelle La Grande"]
[BlackTeam "THF - St Quentin"]
[WhiteFideId "24130737"]
[BlackFideId "623369"]
[EventDate "2023.06.08"]

1. c4 c5 2. Nf3 Nf6 3. Nc3 Nc6 4. d4 cxd4 5. Nxd4 g6 6. e4 Nxd4 7. Qxd4 d6 8.
Be3 Bg7 9. Be2 O-O 10. Qd2 Be6 11. Rc1 Qa5 12. O-O Rfc8 13. b3 a6 14. Bf3 Rab8
15. Ba7 Ra8 16. Bd4 Rab8 17. Qe3 Nd7 18. Bxg7 Kxg7 19. Nd5 Bxd5 20. exd5 Ne5 21.
Be2 Qc5 22. Qd2 Nd7 23. Rc3 b5 24. Rh3 Nf8 25. Kh1 e6 26. dxe6 fxe6 27. Rc1 b4
28. Re1 Rc7 29. Bg4 Re8 30. Rd3 Rd7 31. h4 h5 32. Bh3 a5 33. f4 Qb6 34. f5 1-0

[Event "TCh-FRA Top 16 Basse 2023"]
[Site "Chartres FRA"]
[Date "2023.06.09"]
[Round "2.4"]
[Board "3"]
[White "Marcelin, Cyril"]
[Black "Nikolov, Momchil"]
[Result "1/2-1/2"]
[WhiteTitle "GM"]
[BlackTitle "GM"]
[WhiteElo "2443"]
[BlackElo "2506"]
[WhiteTeam "THF - St Quentin"]
[BlackTeam "Cappelle La Grande"]
[WhiteFideId "607274"]
[BlackFideId "2905710"]
[EventDate "2023.06.08"]

1. d4 Nf6 2. Nf3 d5 3. c3 e6 4. Bf4 Bd6 5. e3 c5 6. Bb5+ Nc6 7. Bxc6+ bxc6 8.
Bxd6 Qxd6 9. Qa4 cxd4 10. cxd4 O-O 11. O-O c5 12. Qa3 Ne4 13. Rc1 cxd4 14. Nxd4
Bb7 15. Qxd6 Nxd6 16. Nc3 Rfc8 17. Na4 e5 18. Nb3 1/2-1/2

[Event "TCh-FRA Top 16 Basse 2023"]
[Site "Chartres FRA"]
[Date "2023.06.09"]
[Round "2.4"]
[Board "4"]
[White "Edouard, Romain"]
[Black "Dionisi, Thomas"]
[Result "1/2-1/2"]
[WhiteTitle "GM"]
[BlackTitle "IM"]
[WhiteElo "2527"]
[BlackElo "2395"]
[WhiteTeam "Cappelle La Grande"]
[BlackTeam "THF - St Quentin"]
[WhiteFideId "633429"]
[BlackFideId "651893"]
[EventDate "2023.06.08"]

1. c4 Nf6 2. Nc3 e6 3. e4 d5 4. cxd5 exd5 5. e5 Ne4 6. Nf3 Be7 7. Nxe4 dxe4 8.
Qa4+ Nc6 9. Qxe4 Be6 10. Bc4 Qd7 11. Bxe6 Qxe6 12. O-O O-O-O 13. d4 f5 14. Qe3
h6 15. Bd2 Bg5 16. Nxg5 hxg5 17. Qxg5 Nxd4 18. Rae1 Rh6 19. f3 Rg6 20. Qf4 Nc2
21. Bc3 Nxe1 22. Rxe1 Rh6 23. h3 b6 24. a4 g5 25. Qxg5 Rg8 26. Qf4 Rxh3 27. Re2
Rhg3 28. Be1 R3g6 29. a5 Kb7 1/2-1/2